000 00683nam a22001937a 4500
005 20171114121910.0
010 _aENG-121394
020 _a9788184246940
_c595.00
035 _aEN-104926
037 _bDBAD/PUB
082 _a338.1095475
100 _aMehta, Niti
245 _aDevelopments in agriculutre :
_ba comparative analysis of the growth components across two states /
_cby Niti Mehta
260 _aNew Delhi
_bAllied Publishers Private
_c2011
270 _a1/13-14 Asaf Ali Road ,
_bNew Delhi
_e110002
300 _aviii,194 p. :
_c26 cm (Hb)
_bill.
500 _aIncludes biblilgraphical references and index.
942 _2ddc
_cEN
_h338.1095475
_mMEH
999 _c147405
_d147405